00302nam a2200109Ia 4500008004000000082001700040100002000057245003600077260005400113300001200167650001300179210210b1968 xxu||||| |||| 00| 0 eng d a943.085 NICW aNICHOLLS (A F). aWeimar and the rise of Hitler. aNew York.bMacmillan, St. Martin''s Press.,c1968 axii,203 aHitler